000 00357pab a2200145 454500
008 180718b2005 xxu||||| |||| 00| 0 eng d
100 _aGeorge, J.
245 _aTrading in utility of intellectual property rights
260 _c2005
300 _ap.24-26.
362 _a19 Mar
650 _aIntellectual property
773 _aMainstream
909 _a64510
999 _c64510
_d64510